|
|
|
|
| LEADER |
00000nam0a2200000 4500 |
| 001 |
307040 |
| 005 |
20231102001943.0 |
| 035 |
|
|
|a (RuTPU)RU\TPU\book\332318
|
| 090 |
|
|
|a 307040
|
| 100 |
|
|
|a 20151014d1983 k y0rusy50 ca
|
| 101 |
0 |
|
|a rus
|
| 102 |
|
|
|a RU
|
| 105 |
|
|
|a a z 001zy
|
| 200 |
1 |
|
|a Методы сжигания канско-ачинского бурого угля в крупных энергетических установках
|e [сборник]
|
| 210 |
|
|
|a Красноярск
|c Изд-во Красноярского ун-та
|d 1983
|
| 215 |
|
|
|a 96 с.
|c ил.
|
| 320 |
|
|
|a Библиография в конце статей
|
| 606 |
1 |
|
|a Уголь
|x Сжигание в котельных топках
|2 stltpush
|3 (RuTPU)RU\TPU\subj\62510
|9 79584
|
| 610 |
1 |
|
|a КАТЭК
|
| 610 |
1 |
|
|a канско-ачинские угли
|
| 610 |
1 |
|
|a пыль
|
| 610 |
1 |
|
|a локальный взрыв
|
| 610 |
1 |
|
|a топочные камеры
|
| 610 |
1 |
|
|a теплообмен
|
| 610 |
1 |
|
|a расчет
|
| 610 |
1 |
|
|a березовский уголь
|
| 610 |
1 |
|
|a твердое шлакоудаление
|
| 610 |
1 |
|
|a парогенераторы
|
| 610 |
1 |
|
|a кладка
|
| 610 |
1 |
|
|a температурный режим
|
| 610 |
1 |
|
|a факелы
|
| 610 |
1 |
|
|a аэродинамическая устойчивость
|
| 675 |
|
|
|a 621.182.2-66
|v 4
|
| 801 |
|
1 |
|a RU
|b 63413507
|c 20151014
|
| 801 |
|
2 |
|a RU
|b 63413507
|c 20190524
|g RCR
|
| 942 |
|
|
|c BK
|